000 005000000a22001690004500
003 MACL
005 20160101134403.0
008 160101b xxu||||| |||| 00| 0 eng d
040 _aMACL
_cMACL
041 _aEnglish
082 _a362/RAJ
100 _aRajagopalachari, C
_926351
245 _aKurukshetra
_bA Symposium On Community Development in India 1952-1955
260 _bThe Publication Division
_c1955
_aDelhi
650 _aSocial Welfare Problems & Services
_93698
942 _cBK
_k362/RAJ
_2ddc
999 _c34593
_d34593